Chapman Library

The contemporary writer (Record no. 235)

000 -LEADER
fixed length control field 00338nam a22001337a 4500
020 ## - INTERNATIONAL STANDARD BOOK NUMBER
ISBN 0130626332
050 ## - LIBRARY OF CONGRESS CALL NUMBER
Classification number PE1408
100 ## - MAIN ENTRY--AUTHOR NAME
Personal name Troiano, Edna M.
Personal name Scott, Julia D.
245 ## - TITLE STATEMENT
Title The contemporary writer
260 ## - PUBLICATION, DISTRIBUTION, ETC. (IMPRINT)
Place of publication Upper Saddle River, New Jersey
Name of publisher Prentice Hall
Year of publication 2001
300 ## - PHYSICAL DESCRIPTION
Number of Pages 567p.
Other physical details xxxii, includes index
942 ## - ADDED ENTRY ELEMENTS (KOHA)
Koha item type Books
Holdings
Koha item type Collection code Shelving location Accession Number Permanent Location Current Location Date acquired Full call number
BooksLendingLending0337Chapman LibraryChapman Library2016-01-26PE1408tro


CSUC Chapman Library is a Koha Automated Library.


Contact us: library@csuc.edu.gh.